000 01724nam1a2200325 i 4500
001 RU\NLR\bibl\1966066
005 20260407093714.0
035 _a(NLR Aleph) 001954992
090 _a3747071
_c3747071
100 _a20121113g20119999u y0rusy50 ca
101 0 _arus
102 _aRU
105 _a||||j |||||
200 1 _aОтечественная история
_dHistory of Russia
_eучебное пособие для студентов, обучающихся по направлению подготовки 030900 - Юриспруденция
_fМ-во образования и науки Рос. Федерации, Гос. образоват. учреждение высш. проф. образования "Тамб. гос. ун-т им. Г.Р. Державина"
_g[авт.-сост.: д.ист.н., проф. П.П. Щербинин, доц., к.ист.н. Ю.В. Щербинина]
_zeng
210 _aТамбов
_cИзд-во ТГУ
_d2011
215 _d20
463 0 _10011871118
463 0 _10011966984
510 0 _aHistory of Russia
_zeng
607 _aРоссия
_jУчебные издания для высших учебных заведений
_xИстория
_91554184
_3RU\NLR\auth\66979780
686 _aТ3(2)я73
702 1 _4220
_7ca
_8rus
_aЩербинин
_bП. П.
_f1962-
_gПавел Петрович
_9207184
_3RU\NLR\AUTH\770207237
712 0 2 _4570
_aТамбовский государственный университет им. Г. Р. Державина
_3RU\NLR\AUTH\889917219
_9330608
801 0 _aRU
_bNLR
_c20121113
_gRCR
801 1 _aRU
_bNLR
_c20121113
830 _aпо кн
852 _aNLR
_j2012-4/1628
942 _cBOOK